LEADER 01052nam a2200313 i 4500 001 991000670249707536 005 20020507172037.0 008 940721s1993 it ||| | ita 020 $a8871315782 035 $ab1074082x-39ule_inst 035 $aLE01300460$9ExL 040 $aDip.to Matematica$beng 082 0 $a001.6425 084 $aAMS 68U30 084 $aCR H.5.2 100 1 $aCuster, Helen$0534595 245 10$aAlla scoperta di Windows NT /$cHelen Custer ; prefazione di David N. Cutler 250 $aEd. ital 260 $aMilano :$bMondadori Informatica,$c1993 300 $axxiii, 420 p. ;$c24 cm. 500 $aOrig. Engl. ed. 1993 650 4$aComputing methodologies 700 1 $aCutler, David N. 907 $a.b1074082x$b21-09-06$c28-06-02 912 $a991000670249707536 945 $aLE013 68U CUS11 (1993)$g1$i2013000009087$lle013$o-$pE0.00$q-$rl$s- $t0$u0$v0$w0$x0$y.i10831861$z28-06-02 996 $aAlla scoperta di Windows NT$9910905 997 $aUNISALENTO 998 $ale013$b01-01-94$cm$da $e-$fita$git $h0$i1 LEADER 00805nam a2200241 i 4500 001 991001330659707536 005 20020502190849.0 008 980313s1991 ||| ||| | eng 020 $a0140147268 035 $ab1149718x-39ule_inst 035 $aPRUMB58991$9ExL 040 $aDip. SSSC$bita 100 1 $aGoldsmith, Andrea$0471469 245 10$aModern Interiors /$cAndrea Goldsmith 260 $aVictoria :$bPenguin Books,$cc1991 300 $a241 p. ;$c20 cm. 650 4$aLetteratura australiana 907 $a.b1149718x$b21-09-06$c01-07-02 912 $a991001330659707536 945 $aLE021 FH7D82$g1$i2021000007941$lle021$o-$pE0.00$q-$rl$s- $t0$u1$v0$w1$x0$y.i11690148$z01-07-02 996 $aModern Interiors$9813484 997 $aUNISALENTO 998 $ale021$b01-01-98$cm$da $e-$feng$gxx $h0$i1